Abacona Investments Ltd v Ann Elizabeth Wright, Jane Rosemary Stirling and Gordon John Trinder (Executors of the will of Eileen Elizabeth Yardley deceased) (Record no. 73404)

MARC details
000 -LEADER
fixed length control field 01640cam a2200277 4500
001 - CONTROL NUMBER
control field LT123606
008 - FIXED-LENGTH DATA ELEMENTS--GENERAL INFORMATION
fixed length control field 030916n2001 000 0 eng u
035 ## - SYSTEM CONTROL NUMBER
System control number (Sirsi) u123606
245 ## - TITLE STATEMENT
Title Abacona Investments Ltd v Ann Elizabeth Wright, Jane Rosemary Stirling and Gordon John Trinder (Executors of the will of Eileen Elizabeth Yardley deceased)
Medium [electronic resource]
260 ## - PUBLICATION, DISTRIBUTION, ETC.
Date of publication, distribution, etc. 2001
520 ## - SUMMARY, ETC.
Summary, etc. LRA/23/2000, 22 February 2001. Appeal by landlords (A) of a long leasehold flat against the LVT determination on firstly the premium under the Leasehold Reform Housing and Urban Development Act 1993 Sched 13 for the grant of a new lease and secondly with regards to the amount of the A's valuation costs payable by the tenant under s60(1)(b) of the Act. The tenant Mrs Yardley died on 17 January 2001 and the executors of her will were substituted as respondents. 17 February 2000 is the agreed valuation date for purposes of appeal. The LT increased the premium payable by tenant but upheld the LVT award of valuation costs. Appeal allowed in part.
650 ## - SUBJECT ADDED ENTRY--TOPICAL TERM
Topical term or geographic name entry element ABACONA INVESTMENTS LTD V YARDLEY'S EXECUTORS
650 ## - SUBJECT ADDED ENTRY--TOPICAL TERM
Topical term or geographic name entry element LEASEHOLD REFORM, HOUSING AND URBAN DEVELOPMENT ACT 1993 S60
650 ## - SUBJECT ADDED ENTRY--TOPICAL TERM
Topical term or geographic name entry element LEASEHOLD REFORM, HOUSING AND URBAN DEVELOPMENT ACT 1993 SCHED 13
650 ## - SUBJECT ADDED ENTRY--TOPICAL TERM
Topical term or geographic name entry element FLATS
650 ## - SUBJECT ADDED ENTRY--TOPICAL TERM
Topical term or geographic name entry element NEW LEASES
650 ## - SUBJECT ADDED ENTRY--TOPICAL TERM
Topical term or geographic name entry element PREMIUM
650 ## - SUBJECT ADDED ENTRY--TOPICAL TERM
Topical term or geographic name entry element Valuation
9 (RLIN) 6273
650 ## - SUBJECT ADDED ENTRY--TOPICAL TERM
Topical term or geographic name entry element MARRIAGE VALUE
650 ## - SUBJECT ADDED ENTRY--TOPICAL TERM
Topical term or geographic name entry element YIELDS
650 ## - SUBJECT ADDED ENTRY--TOPICAL TERM
Topical term or geographic name entry element COSTS
650 ## - SUBJECT ADDED ENTRY--TOPICAL TERM
Topical term or geographic name entry element COMPENSATION
690 ## - LOCAL SUBJECT ADDED ENTRY--TOPICAL TERM (OCLC, RLIN)
Topical term or geographic name as entry element LANDLORD AND TENANT-LEASES-CASE LAW
856 ## - ELECTRONIC LOCATION AND ACCESS
Uniform Resource Identifier <a href="https://case-law.vlex.co.uk/vid/-55338288">https://case-law.vlex.co.uk/vid/-55338288</a>
Public note View decision at case-law.vlex.co.uk
942 ## - ADDED ENTRY ELEMENTS (KOHA)
Suppress in OPAC 0
Holdings
Withdrawn status Lost status Source of classification or shelving scheme Damaged status Not for loan Home library Current library Shelving location Date acquired Total Checkouts Full call number Barcode Date last seen Copy number Price effective from Koha item type
    Dewey Decimal Classification     Virtual Virtual Online 16/09/2003   ONLINE PUBLICATION 123606-2001 06/08/2019 1 06/08/2019 Law report